000 00364nam a2200133Ia 4500
008 240624s9999 xx 000 0 und d
041 _aeng
082 _a332.6452 KLE
100 _aKLEINMAN GEORGE
245 _aCOMMODITY FUTURES AND OPTIONS A STEP BY
260 _c2002
_aNew Delhi
_bPearson Education Asia
300 _axx, : 268 : p. : cm. ; 23
365 _cRS
_b20
999 _c5474
_d5474